000 00892nas a2200253 i 4500
001 73048
003 ES-MaACL
005 20250808230406.0
007 t|
008 040906d19101918sp | |0010||pa d
022 _a2481-7058
100 1 _aGómez Bardají, Julio.
_957827
245 1 0 _aAnales Parlamentarios /
_cpor Julio y Joaquín Gómez Bardají y José Ortíz de Burgos.
260 _aMadrid :
_bValentín Tordesillas,
_c1910-1918.
300 _a3 v. ;
_c22 cm.
310 _aIrregular
362 0 _aCortes 1907, 1. Legislatura 1907/1908-Cortes 1914, Legislaturas 1914/1915 y 1915/1916.
650 4 _aDerecho constitucional-
_zEspaña
_911682
700 1 _aGómez Bardají, Joaquín.
_957826
700 1 _aOrtiz de Burgos, José.
_987589
852 _aES-MaACL
_jC-2933-5
866 0 _oCortes de 1907 a 1910 : primera y segunda legislatura
999 _c73048
_d73048